[Event "Pune op U1800 11th"]
[Site "Pune"]
[Date "2024.05.25"]
[Round "4"]
[White "Patil, Dhruva1"]
[Black "Kabnurakar, Sharvari"]
[Result "1-0"]
[WhiteElo "1769"]
[BlackElo "1641"]
[PlyCount "73"]
[EventDate "2024.05.24"]
[EventType "swiss"]
[EventRounds "9"]
[EventCountry "IND"]
[SourceTitle "CBM 220 Extra"]
[Source "ChessBase"]
[SourceDate "2024.07.31"]
[SourceVersion "1"]
[SourceVersionDate "2024.07.31"]
[SourceQuality "1"]

1. e4 c5 2. Nf3 Nc6 3. d4 cxd4 4. Nxd4 Nf6 5. Nc3 e5 6. Ndb5 d6 7. a4 Be7 8. Bg5 a6 9. Bxf6 gxf6 10. Na3 f5 11. Bc4 0-0 12. exf5 Bxf5 13. h4 Nd4 14. Bd3 Bxd3 15. Qxd3 f5 16. 0-0-0 Rc8 17. Kb1 Rc5 18. f4 Bf6 19. g4 e4 20. Qe3 Nc6 21. Nd5 Qa5 22. Nxf6+ Rxf6 23. gxf5 Rcxf5 24. Rhg1+ Kh8 25. Qb3 Rf7 26. Rg3 Rxf4 27. c3 Qf5 28. Ka2 Na5 29. Qb6 Qe6+ 30. c4 Nc6 31. Rdg1 h6 32. h5 Kh7 33. Rg6 R4f6 34. Qe3 Rxg6 35. hxg6+ Kg7 36. gxf7+ Kxf7 37. Qf4+ 1-0

[Event "IND-ch (Women) 49th"]
[Site "Ahmedabad"]
[Date "2023.07.06"]
[Round "7"]
[White "Anishka, Vikram"]
[Black "Kabnurakar, Sharvari"]
[Result "1/2-1/2"]
[WhiteElo "1675"]
[BlackElo "1493"]
[PlyCount "45"]
[EventDate "2023.06.30"]
[EventType "swiss"]
[EventRounds "11"]
[EventCountry "IND"]
[SourceTitle "CBM 215 Extra"]
[Source "ChessBase"]
[SourceDate "2023.09.30"]
[SourceVersion "1"]
[SourceVersionDate "2023.09.30"]
[SourceQuality "1"]

1. d4 d5 2. c4 dxc4 3. e3 e5 4. Bxc4 exd4 5. exd4 Nf6 6. Nf3 Bd6 7. 0-0 0-0 8. h3 h6 9. Nc3 Nc6 10. a4 Nb4 11. Be3 Bf5 12. Rc1 c6 13. Ne5 Nfd5 14. Nxd5 cxd5 15. Be2 Rc8 16. Qd2 Bc2 17. Bd1 Bf5 18. Be2 Bc2 19. Bd1 Bf5 20. Be2 Bc2 21. Bd1 Bf5 22. Be2 Bc2 23. Bd1 1/2-1/2

[Event "IND-ch (Women) 48th"]
[Site "Hatkanangale"]
[Date "2023.01.02"]
[Round "8"]
[White "Kabnurakar, Sharvari"]
[Black "Aditi, Yogesh Kayal"]
[Result "1-0"]
[WhiteElo "1305"]
[BlackElo "1667"]
[PlyCount "123"]
[EventDate "2022.12.26"]
[EventType "swiss"]
[EventRounds "11"]
[EventCountry "IND"]
[SourceTitle "CBM 212 Extra"]
[Source "ChessBase"]
[SourceDate "2023.03.31"]
[SourceVersion "1"]
[SourceVersionDate "2023.03.31"]
[SourceQuality "1"]

1. e4 e6 2. d4 d5 3. exd5 exd5 4. Bd3 Bd6 5. Ne2 Ne7 6. c3 Bf5 7. Bxf5 Nxf5 8. Qb3 Ne7 9. Qxb7 Nd7 10. Qb3 0-0 11. 0-0 Nf6 12. f3 c6 13. Bf4 Nf5 14. Re1 Qc7 15. Bxd6 Qxd6 16. Qc2 Ne3 17. Qd3 Rfe8 18. Nd2 Nh5 19. g4 Nf4 20. Nxf4 Qxf4 21. Re2 Re6 22. Rae1 Rae8 23. Nf1 Nc4 24. b3 Nd6 25. Rxe6 fxe6 26. Qe3 Qf8 27. Nd2 Qf6 28. Kg2 Nf7 29. f4 Qg6 30. g5 Nd6 31. Nf3 Qh5 32. Ne5 Ne4 33. c4 Rf8 34. Rf1 Nd6 35. Nxc6 Qg4+ 36. Qg3 Qe2+ 37. Rf2 Qe4+ 38. Qf3 dxc4 39. bxc4 Qxf3+ 40. Kxf3 Nxc4 41. Rc2 Na3 42. Rc5 Ra8 43. Ra5 Nc2 44. Ke4 a6 45. Rc5 Na3 46. Ke5 Kf7 47. Na5 Ra7 48. Rc6 Rd7 49. Rc5 Nb5 50. Nc6 Rd5+ 51. Rxd5 exd5 52. a4 Nc7 53. Kd6 Na8 54. a5 Ke8 55. Nb8 Kd8 56. Nxa6 Kc8 57. Kxd5 Kb7 58. Nc5+ Kc8 59. Ne6 g6 60. Nf8 Nc7+ 61. Ke5 Kd8 62. Ne6+ 1-0

[Event "IND-ch (Women) 48th"]
[Site "Hatkanangale"]
[Date "2023.01.01"]
[Round "7"]
[White "Khairmode, Dhanashree"]
[Black "Kabnurakar, Sharvari"]
[Result "1/2-1/2"]
[WhiteElo "1728"]
[BlackElo "1305"]
[PlyCount "146"]
[EventDate "2022.12.26"]
[EventType "swiss"]
[EventRounds "11"]
[EventCountry "IND"]
[SourceTitle "CBM 212 Extra"]
[Source "ChessBase"]
[SourceDate "2023.03.31"]
[SourceVersion "1"]
[SourceVersionDate "2023.03.31"]
[SourceQuality "1"]

1. e4 c6 2. d4 d5 3. exd5 cxd5 4. c4 Nf6 5. Nc3 Nc6 6. Bg5 dxc4 7. d5 Ne5 8. Qd4 Nd3+ 9. Bxd3 cxd3 10. Qxd3 h6 11. Bh4 g5 12. Bg3 Bg7 13. Nge2 a6 14. Rd1 Qb6 15. 0-0 Bg4 16. Rd2 0-0 17. Nd4 Qa5 18. h3 Bd7 19. Nb3 Qb6 20. Re1 Rfe8 21. Rde2 Bb5 22. Nxb5 Qxb5 23. Qxb5 axb5 24. Rxe7 Rxe7 25. Rxe7 Nxd5 26. Rxb7 Rxa2 27. Rxb5 Rxb2 28. Rxd5 Rxb3 29. h4 Rb1+ 30. Kh2 gxh4 31. Bxh4 Re1 32. Rd7 Be5+ 33. g3 Kg7 34. Bd8 Bf6 35. Bb6 Re6 36. Bc5 h5 37. Kh3 Kg6 38. Be3 Rc6 39. Rd5 Re6 40. Rb5 Re4 41. Rd5 Re6 42. Bd2 Be7 43. Rb5 Rc6 44. Bb4 Bxb4 45. Rxb4 Rc1 46. Rb6+ f6 47. Rb5 Rh1+ 48. Kg2 Rc1 49. Rd5 Rb1 50. Rd4 Kg5 51. Rd8 Kg6 52. Re8 Rb3 53. Re1 Rd3 54. Kh3 Rd5 55. Ra1 Rf5 56. Ra2 Rb5 57. Ra8 Rb1 58. Rh8 Rh1+ 59. Kg2 Rb1 60. Re8 Rd1 61. f4 Rd3 62. Rh8 Rd1 63. Kf2 Rd3 64. Rg8+ Kf7 65. Rc8 Kg6 66. Rc5 Rb3 67. Kg2 Rb2+ 68. Kf3 Rb3+ 69. Kg2 Rb2+ 70. Kh3 Rb1 71. Kg2 Rb2+ 72. Kh3 Rb1 73. Kg2 Rb2+ 1/2-1/2